| 000 | 00666nam a2200205 i 4500 | ||
|---|---|---|---|
| 001 | 56247 | ||
| 003 | ES-MaACL | ||
| 005 | 20230906163321.0 | ||
| 007 | t| | ||
| 008 | 031006s1974 sp ||||1| spa d | ||
| 245 | 0 | 0 | _aDiccionario danés-español y español-danés. |
| 260 |
_aBarcelona : _bRamón Sopena, _c[1974] |
||
| 300 |
_a384 p. ; _c14 cm. |
||
| 490 | 1 | _aLexicon Sopena. Diccionario de bolsillo | |
| 650 | 4 |
_aLengua danesa- _vDiccionarios- _xEspañol. _9163982 |
|
| 650 | 4 |
_aLengua española- _vDiccionarios- _xDanés. _9163983 |
|
| 830 | 0 |
_aLexicon Sopena. Diccionario de bolsillo _9182576 |
|
| 852 |
_aES-MaACL _jL-6937 _bR.106546 |
||
| 999 |
_c56247 _d56247 |
||